ADMINISTRATIVE LAW (Record no. 207594)

MARC details
000 -LEADER
fixed length control field 00520nam a22001817a 4500
008 - FIXED-LENGTH DATA ELEMENTS--GENERAL INFORMATION
fixed length control field 231009b |||||||| |||| 00| 0 eng d
020 ## - INTERNATIONAL STANDARD BOOK NUMBER
International Standard Book Number 9783659974014
050 ## - LIBRARY OF CONGRESS CALL NUMBER
Classification number KSK 2450 .O56 2019
Item number C.1
100 ## - MAIN ENTRY--PERSONAL NAME
Personal name ONYOYO, PETER ONYANGO
245 ## - TITLE STATEMENT
Title ADMINISTRATIVE LAW
Remainder of title KENYA EXPERIENCE
250 ## - EDITION STATEMENT
Edition statement 2ND ED.
260 ## - PUBLICATION, DISTRIBUTION, ETC.
Place of publication, distribution, etc. KISUMU
Name of publisher, distributor, etc. LAMBERT ACADEMIC PUBLISHING
Date of publication, distribution, etc. 2019
300 ## - PHYSICAL DESCRIPTION
Extent XVII.,296P.
500 ## - GENERAL NOTE
General note INCLUDES BIBLIOGRAPHIC REFERENCE AND INDEX
650 ## - SUBJECT ADDED ENTRY
Topical term or geographic name entry element ADMINISTRATIVE LAW
700 ## - ADDED ENTRY--PERSONAL NAME
Personal name TITLE
942 ## - ADDED ENTRY ELEMENTS (KOHA)
Source of classification or shelving scheme Library of Congress Classification
Koha item type Long Loan Book
Holdings
Withdrawn status Lost status Source of classification or shelving scheme Damaged status Not for loan Collection Home library Current library Date acquired Inventory number Total checkouts Full call number Barcode Date last seen Date last checked out Copy number Price effective from Koha item type Shelving location
    Library of Congress Classification     Law Kisii University Library Kisii University Library 10/09/2023 100256 1 KSK 2450 .O56 2019 000000000384 10/23/2024 10/07/2024 C.1 10/09/2023 Long Loan Book  
    Library of Congress Classification     Law Kisii University Library Kisii University Library 10/09/2023 100257 1 KSK 2450 .O56 2019 000000000383 11/16/2024 11/14/2024 C.2 10/09/2023 Long Loan Book  
    Library of Congress Classification     Law Kisii University Library Kisii University Library 10/09/2023 100258 3 KSK 2450 .O56 2019 000000000382 04/01/2025 03/18/2025 C.3 10/09/2023 Long Loan Book  
    Library of Congress Classification     Law Kisii University Library Kisii University Library 10/09/2023 100259 2 KSK 2450 .O56 2019 000000000381 04/21/2026 04/20/2026 C.4 10/09/2023 Long Loan Book  
    Library of Congress Classification     Special Research Kisii University Library Kisii University Library 10/09/2023 100260   KSK 2450 .O56 2019 000000000380 10/09/2023   C.5 10/09/2023 Reference On Display